| 000 | 00475nam a2200157 i 4500 | ||
|---|---|---|---|
| 001 | 59136 | ||
| 003 | ES-MaACL | ||
| 005 | 20230906163955.0 | ||
| 007 | t| | ||
| 008 | 031027s1960 sp ||||1| spa d | ||
| 245 | 0 | 0 |
_aEnciclopedia focal de fotografía / _c[traducción española por Miguel Solís]. |
| 260 |
_aBarcelona : _bOmega, _c[1960] |
||
| 300 |
_aXXXIX, 1512 p., lám. : _bil. ; _c22 cm. |
||
| 700 | 1 |
_aSolís, Miguel. _9107214 |
|
| 852 |
_aES-MaACL _jC-19032 _bR.47058 |
||
| 999 |
_c59136 _d59136 |
||